Score 0/20 Timer 05:00
1 Play Today
Group Missing Item % Correct
Albus, Kendra, Ariana, PercivalAberforth
81.3%
Cat, Owl, RatToad
77.2%
Sickle, GalleonKnut
75.5%
Half-Blood, Squibs, Muggles, Muggle-bornsPure-Blood
75.1%
Petunia, Dudley, MarjorieVernon
74.2%
Oliver Wood, Angelina JohnsonHarry Potter
70.5%
Wagga Wagga Werewolf, Remus LupinFenrir Greyback
63.3%
Swedish Short-Snout, Common Welsh Green, Hungarian HorntailChinese Fireball
54.6%
Merope, MorfinMarvolo
50.5%
Charms, DADA, Flying, Astronomy, Herbology, Potions, TransfigurationHistory of Magic
47.6%
Group Missing Item % Correct
Colin Creevey, Justin Finch-Fletchley , Nearly Headless Nick, Hermione Granger, Penelope Clearwater, Harry PotterMrs. Norris
46.6%
Scabbers, Pigwidgeon, Errol, ArnoldHermes
43.8%
Fluffy, Devils Snare, Flying Keys, Wizard Chess, Potion Riddle, Mirror of ErisedMountain Troll
42.8%
Poor (P), Troll (T)Dreadful (D)
41.7%
Umbridge, Bulstrode, Crabbe, Goyle, Greengrass, Malfoy, Montague, WarringtonParkinson
40.8%
Antioch, CadmusIgnotus
35.6%
Cho Chang, Roger Davies, Hermione GrangerParvati Patil
32.1%
Dumbledore, Acid Pops, Fizzing Whizbee, Toffee Eclair, Cockroach ClustersSherbet Lemon
30.1%
Harry Potter, Ginny Weasley, Blaise Zabini, Flora Carrow, Hestia Carrow, Hermione Granger, Melinda BobbinCormac McLaggen
27%
Terence Higgs, Harper, Regulus BlackDraco Malfoy
14.5%

You're not logged in!

Compare scores with friends on all Sporcle quizzes.
OR
Log In

Sporcle TV

Today on Sporcle TV


Watch our educational content, quiz creation guides, and fun videos on Sporcle TV.

Show Comments

Extras

Top Quizzes Today


Score Distribution

Your Account Isn't Verified!

In order to create a playlist on Sporcle, you need to verify the email address you used during registration. Go to your Sporcle Settings to finish the process.

Report this User

Report this user for behavior that violates our Community Guidelines.

Details: